A Coptic Popular Tale in Ottoman Egypt: The Sīrah of the Coptic Priest Nuṣayr al-Iskandrānī and His Son Murqus : حكاياتٌ شعبيةٌ قبطيةٌ من مصر العثمانيِّة سِيرة القِس نصير الإسْكندرانيِّ وابنِه مُرْقُس /

These captivating Coptic Popular Tales from Ottoman Egypt delve into the lives of a Coptic priest, Nuṣayr, and his son Murqus, exploring religious duties, morality, and family dynamics. Unlike mainstream Ottoman literature, they offer a glimpse

Saved in:

Main Author: Moneer, Amr Abdelaziz (Author)

Format: eBook

Language: English
Arabic

Published: Leiden ; Boston : Brill, 2024.

Series: Middle East and Islamic Studies E-Books Online, Collection 2024.

Subjects:

Online Access: Login to view Source

Tags: Add Tag

No Tags, Be the first to tag this record!

Call Number: DT1165

LEADER 02525nam a22004818i 4500
001 BRILL9789004704749
003 nllekb
005 20241111180931.0
006 m d
007 cr un uuuua
008 240705s2024 gw sb 001 0 eng d
020 |a 9789004704749  |q (electronic book) 
020 |z 9789004544215  |q (print) 
024 7 |a 10.1163/9789004704749  |2 DOI 
035 |z (OCoLC)1436908456 
040 |a NL-LeKB  |c NL-LeKB  |e rda 
041 |a ara  |a eng 
050 4 |a DT1165 
072 7 |a JFHF  |2 bicssc 
072 7 |a SOC  |x 011000  |2 bisacsh 
082 0 4 |a 327.1/7/0968  |2 23 
100 1 |a Moneer, Amr Abdelaziz,  |e author. 
245 1 2 |a A Coptic Popular Tale in Ottoman Egypt: The Sīrah of the Coptic Priest Nuṣayr al-Iskandrānī and His Son Murqus :  |b حكاياتٌ شعبيةٌ قبطيةٌ من مصر العثمانيِّة سِيرة القِس نصير الإسْكندرانيِّ وابنِه مُرْقُس /  |c Amr Abdelaziz Moneer. 
246 3 |a حكاياتٌ شعبيةٌ قبطيةٌ من مصر العثمانيِّة سِيرة القِس نصير الإسْكندرانيِّ وابنِه مُرْقُس 
264 1 |a Leiden ;  |a Boston :  |b Brill,  |c 2024. 
264 4 |c ©2024 
300 |a 1 online resource (120 pages) :  |b illustrations. 
336 |a text  |b txt  |2 rdacontent 
337 |a computer  |b c  |2 rdamedia 
338 |a online resource  |2 rdacarrier 
490 1 |a Middle East and Islamic Studies E-Books Online, Collection 2024 
504 |a Includes bibliographical references and index. 
520 |a These captivating Coptic Popular Tales from Ottoman Egypt delve into the lives of a Coptic priest, Nuṣayr, and his son Murqus, exploring religious duties, morality, and family dynamics. Unlike mainstream Ottoman literature, they offer a glimpse 
546 |a Arabic and English 
588 |a Description based on print version record. 
650 0 |a African Studies. 
650 0 |a Middle East and Islamic Studies. 
650 0 |a North Africa. 
776 0 8 |i Print version:  |t A Coptic Popular Tale in Ottoman Egypt: The Sīrah of the Coptic Priest Nuṣayr al-Iskandrānī and His Son Murqus : حكاياتٌ شعبيةٌ قبطيةٌ من مصر العثمانيِّة سِيرة القِس نصير الإسْكندرانيِّ وابنِه مُرْقُس  |d Leiden ; Boston : Bril 
830 0 |a Middle East and Islamic Studies E-Books Online, Collection 2024. 
856 4 |z DOI:   |u http://dx.doi.org/10.1163/9789004704749 
942 |2 lcc  |c EBOOK 
999 |c 59770  |d 59770